000 01135cam a2200325 a 4500
001 1283
005 20230815132154.0
008 890803s1990 nyua j 000 1 eng
020 _a0688085539 :
020 _a0439148057
020 _a0380710870
020 _a0688085547 (lib. bdg.)
040 _aDLC
_cDLC
_dDLC
_beng
050 0 0 _aPZ7.C5792
_bMu 1990
082 0 0 _a[Fic]
_220
100 1 _aCleary, Beverly
245 1 0 _aMuggie Maggie /
_cBeverly Cleary ; illustrated by Tiegreen, Alan
250 _aFirst Avon Camelot Printing : May 1991
260 _aNew York :
_bMorrow Junior Books,
_c1990.
300 _a70 pages :
_bIllustrations
_c20 cm
505 _aR
520 _aMaggie resists learning cursive writing in the third grade, until she discovers that knowing how to read and write cursive promises to open up an entirely new world of knowledge for her.
521 _a730
_bLexile
521 _aR
_bRaz-Plus
650 1 _aPenmanship
_xFiction.
650 1 _aSchools
_xFiction.
700 1 _aTiegreen ,Alan
_eIllustrator
906 _a7
_bcbc
_corignew
_d1
_eocip
_f19
_gy-gencatlg
942 _2ddc
_cBK
_n0
999 _c1283
_d1283